F1 drivers- Sudden death - Statistics

General Stats
  • This quiz has been taken 181 times
  • The average score is 15 of 20
Answers on the Grid
Answers color-coded by a green-red scale on the quiz's grid according to % correct below.
Will Smith
Max Verstappen
Carlos Alcaraz
Alex Rins
Lewis Hamilton
Oscar Piastri
Mark Webber
Dwayne Johnson
Valtteri Bottas
Denny Hulme
Alberto Ascari
Richard Petty
Nigel Mansell
Juan Pablo Montoya
Ralf Schumacher
Jarno Trulli
Pedro Acosta
Mika Hakkinen
Denny Hamlin
Ayrton Senna
Ryan Reynolds
Yuki Tsunoda
Jacky Ickx
Christopher Bell
Jody Scheckter
Robert Kubica
John Surtees
Sebastian Vettel
Novak Djokovic
Phil Hill
 
Answer Stats
Answer % Correct
Max Verstappen
93%
Lewis Hamilton
91%
Sebastian Vettel
89%
Valtteri Bottas
88%
Ayrton Senna
87%
Yuki Tsunoda
86%
Mika Hakkinen
84%
Oscar Piastri
84%
Ralf Schumacher
84%
Mark Webber
79%
Nigel Mansell
78%
Alberto Ascari
72%
Juan Pablo Montoya
72%
Robert Kubica
71%
Jacky Ickx
65%
Jarno Trulli
65%
Phil Hill
63%
John Surtees
61%
Denny Hulme
60%
Jody Scheckter
60%
No matching quizzes found
Score Distribution
Percent of People with Each Score
Percentile by Number Answered
Your Score History
You have not taken this quiz